00341nam a2200145Ia 4500008004100000020001800041082001100059100001800070245002100088250000600109260002800115300001400143500002600157650001200183230524s9999 xx 000 0 und d a9780195699616 a4bTHA aReema Thareja 0aData Warehousing a1 aNew DelhibOxfordc2017 a"X,474p;" aQuantity Number: 137 aComp.Sc